00376 2200157 4500001002100000005001500021035002000036245003700056100001500093300002600108260002800134082000800162084001400170020002200184990001200206INLIS00000000000294220250917110305 a0010-09250002891 aThe Broder Of Love /cKim Chonji0 aKim Chonji a188 hlm ;c13 x 19 cm aJakarta :bZettu,c2012 a813 a813 KIM t a978-602-1982-92-1 a0755691